000 00507nam a2200205Ia 4500
005 20240118110433.0
008 131103s9999 xx 000 0 und d
040 _aLoreto College
041 _aEnglish
082 _a370
_bNIB
100 _aNiblett, W.R.
245 _aEssential Education,
_cW.R.Niblett
260 _aLondon
_bUniversity of London Press
_c1947
300 _a99 p.
504 _aIncludes references
650 _aEducation
651 _aEducation
850 _aLCLIB
942 _cBK
999 _c2954
_d53433